Service management and marketing : (Record no. 20358)

MARC details
000 -LEADER
fixed length control field 00549nam a22001817a 4500
003 - CONTROL NUMBER IDENTIFIER
control field OSt
008 - FIXED-LENGTH DATA ELEMENTS--GENERAL INFORMATION
fixed length control field 240226b2000 |||||||| |||| 00| 0 eng d
020 ## - INTERNATIONAL STANDARD BOOK NUMBER
International Standard Book Number 0471720348
082 ## - DEWEY DECIMAL CLASSIFICATION NUMBER
Classification number 658.8
Item number GRO-S
100 ## - MAIN ENTRY--PERSONAL NAME
Personal name Gronroos, Christian
245 ## - TITLE STATEMENT
Title Service management and marketing :
Remainder of title a customer relationship management approach /
Statement of responsibility, etc Christian Gronroos.
250 ## - EDITION STATEMENT
Edition statement 2nd
260 ## - PUBLICATION, DISTRIBUTION, ETC. (IMPRINT)
Place of publication, distribution, etc Chichester :
Name of publisher, distributor, etc John Wiley & Sons, LTD ,
Date of publication, distribution, etc 2000.
300 ## - PHYSICAL DESCRIPTION
Extent / Pages x, 394 p. ;
650 ## - SUBJECT ADDED ENTRY--TOPICAL TERM
Topical term or geographic name as entry element Service industries-Marketing
650 ## - SUBJECT ADDED ENTRY--TOPICAL TERM
Topical term or geographic name as entry element Customer services.
942 ## - ADDED ENTRY ELEMENTS (KOHA)
Source of classification or shelving scheme
Koha item type Books
Holdings
Withdrawn status Lost status Source of classification or shelving scheme Damaged status Not for loan Home library Current library Date acquired Currency Cost, normal purchase price Total Checkouts Full call number Barcode Date last seen Copy number Bill Date Koha item type
          SOBD Library SOBD Library 26/02/2024 USD 41.95   658.8 GRO-S1 SD2052 26/02/2024 1 26/02/2024 Books
Hosted, Implemented, Customized & Maintained by: BestBookBuddies

Powered by Koha